000 00810nam a2200265 a 4500
001 64036
003 BD-RjUL
005 20211209081250.0
008 170208s1973 enk b 001 0 eng
020 _a0080169406
035 _a(BD-RjUL)64166
040 _aDLC
_cDLC
_dBD-RjUL
_beng
041 _aeng
082 0 0 _a946
_223
_bMEG 1973
100 1 _aMedhurst, Kenneth,
_d1938-
_9190215
245 1 0 _aGovernment in Spain :
_bthe executive at work /
_cby Kenneth N. Medhurst.
250 _a1st ed.
260 _aNew York :
_bPergamon Press,
_cc1973
300 _axiii, 256 p. ;
_c21 cm.
490 0 _aGovernments of Western Europe.
504 _aInclude Bibliography and index
651 0 _aSpain
_xPolitics and government
_y1939-1975.
_9190216
856 _3Governments of Western Europe.
942 _2ddc
_cBK
999 _c64036
_d64036